Dictionary of synonyms and antonyms for all / (Record no. 122831)

MARC details
000 -LEADER
fixed length control field 00766nam a22002417a 4500
005 - DATE AND TIME OF LATEST TRANSACTION
control field 20170124105916.0
010 ## - LIBRARY OF CONGRESS CONTROL NUMBER
LC control number A-688802
020 ## - INTERNATIONAL STANDARD BOOK NUMBER
Terms of availability 60.00
035 ## - SYSTEM CONTROL NUMBER
System control number A-688802
037 ## - SOURCE OF ACQUISITION
Source of stock number/acquisition Cen Lib/Ret
040 ## - CATALOGING SOURCE
Original cataloging agency DPL
Language of cataloging EN
082 ## - DEWEY DECIMAL CLASSIFICATION NUMBER
Classification number 483
Item number PUR
100 ## - MAIN ENTRY--PERSONAL NAME
Personal name Puri, Gopal K.
9 (RLIN) 105300
245 ## - TITLE STATEMENT
Title Dictionary of synonyms and antonyms for all /
Statement of responsibility, etc by Gopal K. Puri [and] Saroj Puri
250 ## - EDITION STATEMENT
Edition statement 2nd ed
260 ## - PUBLICATION, DISTRIBUTION, ETC. (IMPRINT)
Place of publication, distribution, etc New Delhi
Name of publisher, distributor, etc IIMS publications
Date of publication, distribution, etc 1996
270 ## - ADDRESS
Address 6/18, Jangpura Extension, (Double Story) Near Masjid Road
City New Delhi
Postal code 110014
300 ## - PHYSICAL DESCRIPTION
Extent 388p.
Dimensions 20cm (Hb)
650 ## - SUBJECT ADDED ENTRY--TOPICAL TERM
Topical term or geographic name as entry element Synonyms and antonyms
Form subdivision Dictionary
9 (RLIN) 105301
650 ## - SUBJECT ADDED ENTRY--TOPICAL TERM
Topical term or geographic name as entry element Synonyms and antonyms
9 (RLIN) 105302
700 ## - ADDED ENTRY--PERSONAL NAME
Personal name Puri, Saroj
9 (RLIN) 42053
942 ## - ADDED ENTRY ELEMENTS (KOHA)
Source of classification or shelving scheme Dewey Decimal Classification
Koha item type English Books
Classification part 483
Call number suffix PUR
Holdings
Withdrawn status Lost status Damaged status Not for loan Collection code Home library Current library Date acquired Source of acquisition Cost, normal purchase price Total Checkouts Full call number Barcode Date last seen Copy number Cost, replacement price Price effective from Koha item type
      Not For Loan Reference Central Library Central Library 30/05/2015 Cen Lib/Ret 60.00   483 PUR A-688802 30/05/2015 1 60.00 30/05/2015 English Books

© Delhi Public Library
Hit Counter
free hit counter